000 01791cam a2200373 a 4500
005 20180803170145.0
008 100825s2009 it ab b i000 0 eng
020 _a9789251061961 (pbk.)
020 _a9251061963 (pbk.)
040 _aAU@
_cAU@
_dUMC
_dBTCTA
_dWAU
_dAGL
_dVPI
_dDLC
_dCO-BoIAVH
041 0 _aeng
044 _ait
082 4 _a333.956
_bM16a
100 1 _aMacfadyen, G.
245 1 0 _aAbandoned, lost or otherwise discarded fishing gear /
_cby Graeme Macfadyen, Tim Huntington and Rod Cappell.
260 _aRome :
_bUnited Nations Environment Programme :
_bFood and Agriculture Organization of the United Nations,
_c2009.
300 _axix, 115 p. :
_bilustraciones, color, mapas ;
_c30 cm.
490 1 _aFAO fisheries and aquaculture technical paper,
_x2070-7010 ;
_v523
490 1 _aUNEP regional seas reports and studies ;
_v185
504 _aIncluye referencias bibliográficas (Págs. 89-100).
650 0 _aDesechos Marinos
_xAspectos ambientales.
650 0 _aDesechos Marinos
_xLimpieza.
650 0 _aDesechos Marinos
_xPrevención.
650 0 _aPesca
_xEquipo y suministros.
700 1 _aHuntington, Tim,
_d1962-
700 1 _aCappell, Rod.
710 2 _aFood and Agriculture Organization of the United Nations.
710 2 _aUnited Nations Environment Programme.
776 0 8 _iOnline version:
_aMacfadyen, G. (Graeme)
_tAbandoned, lost or otherwise discarded fishing gear.
_dRome : United Nations Environment Programme : Food and Agriculture Organization of the United Nations, 2009
_w(OCoLC)626605755
830 0 _v523.
_992749
830 0 _pUNEP regional seas reports and studies ;
_vno. 185.
_936995
856 1 0 _uftp://ftp.fao.org/docrep/fao/011/i0620e/i0620e.pdf
942 _2ddc
_cLIBRO
999 _c17680
_d17680